Islamic civilisation, 950-1150 : a colloquium published under the auspices of the Near Eastern History Group, Oxford, the Near East Center, University of Pennsylvania /

Saved in:

Corporate Authors: Near Eastern History Group, Oxford., University of Pennsylvania. Near East Center.

Other Authors: Richards, D. S., 1935-

Format: Book

Language: English
French

Published: Oxford : London : Cassirer ; distributed by Faber, 1973.

Series: Papers on Islamic history ; 3.

Subjects:

Tags: Add Tag

No Tags, Be the first to tag this record!

Call Number: DS38.6 .I83 1973

LEADER 01334namaa2200325 4500
001 20679
003 OSt
005 20260105131413.0
008 130303s1973 enka b 001 0 eng d
010 |a 75310228 
020 |a 0851810063 
040 |c ARCE Library 
041 0 |a eng  |a fre 
050 4 |a DS38.6 .I83 1973 
245 0 0 |a Islamic civilisation, 950-1150 :  |b a colloquium published under the auspices of the Near Eastern History Group, Oxford, the Near East Center, University of Pennsylvania /  |c editor, D. S. Richards. 
264 1 |a Oxford :  |b Cassirer ;  |a London :  |b distributed by Faber,  |c 1973. 
300 |a x, 284, [8] pages :  |b illustrations ;  |c 24 cm. 
490 1 |a Papers on Islamic history ;   |v 3. 
500 |a Contains papers read at the third of a continuing series of colloquia held June 30-July 4, 1969 at All Souls College, Oxford. 
504 |a Includes bibliographical references and index. 
546 |a English or French. 
650 0 |a Islamic civilization  |v Congresses. 
651 0 |a Islamic Empire  |x History  |y 750-1258  |v Congresses. 
700 1 |a Richards, D. S.,   |q (Donald Sidney),   |d 1935- 
710 2 |a Near Eastern History Group, Oxford. 
710 2 |a University of Pennsylvania.  |b Near East Center. 
830 0 |a Papers on Islamic history ;   |v 3. 
901 |a reviewed 
942 |c BK  |2 lcc 
999 |c 17139  |d 17139